Paraguay 2020 enfrentemos juntos el desafío educativo
Wedi'i Gadw mewn:
| Awdur Corfforaethol: | |
|---|---|
| Fformat: | Llyfr |
| Iaith: | Sbaeneg |
| Cyhoeddwyd: |
Asunción
Ministerio de Educación y Culto
1996
|
| Pynciau: | |
| Tagiau: |
Ychwanegu Tag
Dim Tagiau, Byddwch y cyntaf i dagio'r cofnod hwn!
|
MARC
| LEADER | 00000nam a2200000 a 4500 | ||
|---|---|---|---|
| 001 | UCP1346 | ||
| 003 | CL-VaPUC | ||
| 008 | 990409e19960000PY |||||||||||||||||spa|d | ||
| 082 | 0 | 4 | |a 379.2 |b MIN |2 21 |
| 110 | 2 | |a Ministerio de Educación y Culto |e author |9 427333 | |
| 245 | 1 | 0 | |a Paraguay 2020 enfrentemos juntos el desafío educativo |
| 300 | |a 75 p | ||
| 942 | |c BK | ||
| 945 | |d 19990409 00:00:00 |a rbrito | ||
| 260 | |a Asunción |b Ministerio de Educación y Culto |c 1996 | ||
| 650 | 0 | |a Política educacional |9 308011 | |
| 650 | 0 | |a Reforma educacional |9 256319 | |
| 650 | 0 | |a Educación básica |9 224933 | |
| 651 | 0 | |a Paraguay |9 255336 | |
| 583 | |a last modification |c 19990409 00:00:00 |k Rodrigo Vera | ||
| 999 | |c 280030 |d 280028 | ||
| 952 | |0 0 |1 0 |4 0 |6 379_200000000000000_MIN_1996 |7 0 |8 A |9 320007 |a BIBEDU |b BIBEDU |d 2019-11-20 |i 3487571 |o 379.2 MIN 1996 |p 3487571 |r 2019-11-20 |w 2019-11-20 |y BK |k EDU | ||